| 000 | 01023nam a22002297a 4500 | ||
|---|---|---|---|
| 005 | 20140404142819.0 | ||
| 008 | 951111s1993 us a r 10010 eng d | ||
| 020 | _a082132585X | ||
| 041 | 0 | _aeng | |
| 082 | 0 | 4 |
_a338.1 _bS77a |
| 111 | 2 | 0 |
_aAgriculture and environmental challenges _d(1993 : _cWashington) _n13 _923410 |
| 245 | 1 | 0 |
_aAgricultural Sector Symposium : _bproceedings of the thirteenth agricultural sector symposium. _cEditors Jitendra P. Srivastava and Harold Alderman. |
| 260 |
_aWashington : _bThe World Bank, _c1993. |
||
| 300 |
_a289 p. : _bil. ; _c27 cm. |
||
| 650 | 6 |
_aContaminación agrícola _v Congresos, conferencias, etc.. _923411 |
|
| 650 |
_aDesarrollo agrícola _vCongresos, conferencias, etc.. _923412 |
||
| 650 | 6 |
_aDesarrollo sostenible _vCongresos, conferencias, etc.. _923413 |
|
| 650 | 6 |
_aTecnología agrícola _vCongresos, conferencias, etc.. _923414 |
|
| 700 | 1 |
_aSrivastava, Jitendra P., _d1940-, _eed. _923415 |
|
| 700 | 1 |
_aAlderman, Harold, _d1948-, _eed. _923416 |
|
| 942 |
_2ddc _cImpreso |
||
| 999 |
_c8357 _d8357 |
||